MARC details
| 000 -CABECERA |
| campo de control de longitud fija |
02102nam a2200397 a 4500 |
| 003 - IDENTIFICADOR DEL NÚMERO DE CONTROL |
| campo de control |
CHAP |
| 005 - FECHA Y HORA DE LA ÚLTIMA TRANSACCIÓN |
| campo de control |
20230310171836.0 |
| 007 - CAMPO FIJO DE DESCRIPCIÓN FÍSICA--INFORMACIÓN GENERAL |
| campo de control de longitud fija |
ta |
| 008 - DATOS DE LONGITUD FIJA--INFORMACIÓN GENERAL |
| campo de control de longitud fija |
230310s2014 sp ado|f |||| 001 0 spa d |
| 020 ## - NÚMERO INTERNACIONAL ESTÁNDAR DEL LIBRO |
| Número Internacional Estándar del Libro |
978-84-907701-1-5 |
| 040 ## - FUENTE DE LA CATALOGACIÓN |
| Centro catalogador/agencia de origen |
mxchpua |
| Centro/agencia transcriptor |
CHAP |
| Normas de descripción |
rda |
| 050 10 - SIGNATURA TOPOGRÁFICA DE LA BIBLIOTECA DEL CONGRESO |
| Número de clasificación |
TP370 |
| Número de documento/Ítem |
.P47 2014 |
| 082 00 - NÚMERO DE LA CLASIFICACIÓN DECIMAL DEWEY |
| Número de edición |
20 |
| Número de clasificación |
641.5 |
| Número de documento/Ítem |
P47 2017 |
| 100 1# - ENTRADA PRINCIPAL--NOMBRE DE PERSONA |
| 9 (RLIN) |
153421 |
| Nombre de persona |
Pérez, Nuria |
| Término indicativo de función/relación |
autora |
| 245 10 - MENCIÓN DE TÍTULO |
| Título |
Gestión, organización y planificación de la producción culinaria / |
| Mención de responsabilidad, etc. |
Nuria Pérez y Juan José Civera |
| 250 ## - MENCIÓN DE EDICIÓN |
| Mención de edición |
1a edición |
| 264 ## - PRODUCCIÓN, PUBLICACIÓN, DISTRIBUCIÓN, FABRICACIÓN Y COPYRIGHT |
| Producción, publicación, distribución, fabricación y copyright |
España : |
| Nombre del de productor, editor, distribuidor, fabricante |
Síntesis, |
| Fecha de producción, publicación, distribución, fabricación o copyright |
2014 |
| 300 ## - DESCRIPCIÓN FÍSICA |
| Extensión |
413 páginas : |
| Otras características físicas |
ilustraciones, gráficas, fotos |
| 336 ## - TIPO DE CONTENIDO |
| Fuente |
rdacontent |
| Término de tipo de contenido |
texto |
| Código de tipo de contenido |
txt |
| 337 ## - TIPO DE MEDIO |
| Fuente |
rdamedia |
| Nombre/término del tipo de medio |
sin medio |
| Código del tipo de medio |
n |
| 338 ## - TIPO DE SOPORTE |
| Fuente |
rdacarrier |
| Nombre/término del tipo de soporte |
volumen |
| Código del tipo de soporte |
nc |
| 490 1# - MENCIÓN DE SERIE |
| Mención de serie |
Hostelería y turismo (Síntesis) |
| 504 ## - NOTA DE BIBLIOGRAFÍA, ETC. |
| Nota de bibliografía, etc. |
Bibliografía: p. 409-4013 |
| 520 ## - SUMARIO, ETC. |
| Sumario, etc. |
La producción en cocina abarca un amplio abanico de actividades en la restauración. Actualmente son muchos los sistemas de producción culinaria que se han implantado con características muy diferenciadas. Asimismo, las ofertas gastronómicas se han ampliado para adaptarse a las necesidades y demandas de los consumidores y, paralelamente, también se han producido innovaciones en los sistemas de seguridad alimentaria que garantizan la inocuidad de los alimentos y de las elaboraciones culinarias. Este libro recoge todos aquellos aspectos de importancia que componen la actividad de la producción culinaria entendida en su sentido más amplio, incluidas las nuevas tecnologías aparecidas en el sector de la restauración. |
| 650 13 - PUNTO DE ACCESO ADICIONAL DE MATERIA--TÉRMINO DE MATERIA |
| 9 (RLIN) |
149562 |
| Término de materia o nombre geográfico como elemento de entrada |
Ciencia culinaria |
| 650 13 - PUNTO DE ACCESO ADICIONAL DE MATERIA--TÉRMINO DE MATERIA |
| 9 (RLIN) |
140140 |
| Término de materia o nombre geográfico como elemento de entrada |
Tecnología alimentaria |
| 650 13 - PUNTO DE ACCESO ADICIONAL DE MATERIA--TÉRMINO DE MATERIA |
| 9 (RLIN) |
186366 |
| Término de materia o nombre geográfico como elemento de entrada |
Administración de servicios de alimentación |
| 650 13 - PUNTO DE ACCESO ADICIONAL DE MATERIA--TÉRMINO DE MATERIA |
| 9 (RLIN) |
148852 |
| Término de materia o nombre geográfico como elemento de entrada |
Gestión administrativa |
| 650 13 - PUNTO DE ACCESO ADICIONAL DE MATERIA--TÉRMINO DE MATERIA |
| 9 (RLIN) |
149563 |
| Término de materia o nombre geográfico como elemento de entrada |
Culinary science |
| 650 13 - PUNTO DE ACCESO ADICIONAL DE MATERIA--TÉRMINO DE MATERIA |
| 9 (RLIN) |
148811 |
| Término de materia o nombre geográfico como elemento de entrada |
Food technology |
| 650 13 - PUNTO DE ACCESO ADICIONAL DE MATERIA--TÉRMINO DE MATERIA |
| 9 (RLIN) |
186367 |
| Término de materia o nombre geográfico como elemento de entrada |
Food service management |
| 650 13 - PUNTO DE ACCESO ADICIONAL DE MATERIA--TÉRMINO DE MATERIA |
| 9 (RLIN) |
148850 |
| Término de materia o nombre geográfico como elemento de entrada |
Administrative management |
| 700 1# - PUNTO DE ACCESO ADICIONAL--NOMBRE DE PERSONA |
| 9 (RLIN) |
153428 |
| Nombre de persona |
Civera, Juan José |
| Término indicativo de función/relación |
autor |
| 830 #0 - PUNTO DE ACCESO ADICIONAL DE SERIE-TÍTULO UNIFORME |
| 9 (RLIN) |
153416 |
| Título uniforme |
Hostelería y turismo (Síntesis) |
| 942 ## - ELEMENTOS DE PUNTO DE ACCESO ADICIONAL (KOHA) |
| Fuente del sistema de clasificación o colocación |
Dewey Decimal Classification |
| Tipo de ítem Koha |
|